[Event "Euro Online U2300 Day 1"]
[Site "chess.com INT"]
[Date "2020.05.25"]
[Round "6"]
[White "Misini, Burhanudin"]
[Black "Plaskan, Jure"]
[Result "1-0"]
[WhiteElo "1999"]
[BlackElo "2175"]
[WhiteFideId "4701488"]
[BlackFideId "14605252"]
[EventDate "2020.05.25"]

1. e4 c5 2. Nf3 d6 3. Bc4 Nf6 4. O-O e6 5. d4 cxd4 6. Bg5 Be7 7. Nxd4 O-O 8. Nc3
Nc6 9. Be2 h6 10. Be3 Bd7 11. f4 a6 12. a3 b5 13. Qe1 Re8 14. Qg3 Bf8 15. e5 Nd5
16. Nxd5 exd5 17. Nxc6 Bxc6 18. Bd3 Kh8 19. Bd4 Rc8 20. Rae1 a5 21. e6 Qc7 22.
Qh3 Kg8 23. Qf5 fxe6 24. Rxe6 Rxe6 25. Qxe6+ Kh8 26. Qxh6+ Kg8 27. Bh7+ Kf7 28.
Qg6+ Ke7 29. Re1+ Kd8 30. Qf5 Be7 31. Bxg7 Bd7 32. Qh5 Be8 33. Qh6 Qa7+ 34. Kf1
b4 35. Bf6 Bb5+ 36. Bd3 Rxc2 37. Qf8+ 1-0

[Event "Euro Online U2300 Day 1"]
[Site "chess.com INT"]
[Date "2020.05.25"]
[Round "6"]
[White "Sieber, Fiona"]
[Black "Maugenest, Ghislain"]
[Result "0-1"]
[WhiteTitle "WIM"]
[WhiteElo "2201"]
[BlackElo "2013"]
[WhiteFideId "12902373"]
[BlackFideId "36029483"]
[EventDate "2020.05.25"]

1. e4 e5 2. Nf3 Nc6 3. Bb5 a6 4. Ba4 Nf6 5. O-O Be7 6. Re1 b5 7. Bb3 O-O 8. c3
d6 9. h3 Na5 10. Bc2 c5 11. d4 Qc7 12. Nbd2 Nc6 13. d5 Nd8 14. a4 Rb8 15. axb5
axb5 16. b4 c4 17. Nf1 Ne8 18. Be3 g6 19. N3h2 Ng7 20. f4 f6 21. Nf3 Nf7 22. Ng3
Bd7 23. Qd2 Ra8 24. f5 g5 25. Rac1 Ra2 26. Nh2 Rfa8 27. Qf2 R8a3 28. Bd2 Qb7 29.
Red1 Bd8 30. Ne2 Bb6 31. Be3 Bxe3 32. Qxe3 Qa7 33. Qxa7 Rxa7 34. Kf2 R7a3 35.
Ke3 Nh5 36. g3 Nxg3 37. Nxg3 Rxc3+ 38. Bd3 Rxc1 39. Rxc1 Rxh2 40. Bf1 Ra2 41.
Nh5 Bc8 42. Nxf6+ Kg7 43. Ne8+ Kf8 44. Nc7 Bd7 45. f6 Ra3+ 46. Kd2 Nd8 47. Bg2
Ra7 48. Ne6+ Bxe6 49. dxe6 Nxe6 50. Bf3 Nf4 51. Bg4 Kf7 52. h4 h5 53. Bf5 g4 54.
Kc2 Kxf6 55. Rd1 Ke7 56. Kb2 Ra4 57. Kc3 Ra3+ 58. Kc2 Nd3 59. Bg6 Nxb4+ 60. Kb2
Rb3+ 61. Kc1 c3 62. Bxh5 Rb2 63. Rg1 Nd3+ 64. Kd1 Rd2# 0-1

[Event "Euro Online U2300 Day 1"]
[Site "chess.com INT"]
[Date "2020.05.25"]
[Round "6"]
[White "Plaksin, Igor"]
[Black "Tsereteli, Tornike"]
[Result "1-0"]
[WhiteElo "1868"]
[BlackElo "1735"]
[WhiteFideId "34182117"]
[BlackFideId "13612565"]
[EventDate "2020.05.25"]

1. e4 e6 2. d4 d5 3. Bd3 Nf6 4. e5 Nfd7 5. c3 c5 6. Ne2 Nc6 7. Nd2 cxd4 8. cxd4
f6 9. exf6 Nxf6 10. Nf3 Bd6 11. O-O O-O 12. Bg5 Qc7 13. Nc3 a6 14. Bh4 Bd7 15.
Bg3 Rac8 16. a3 b5 17. Rc1 Bxg3 18. hxg3 Qd6 19. Re1 Be8 20. Bb1 Bh5 21. Qd3
Bxf3 22. gxf3 g6 23. f4 Nh5 24. Ba2 Ng7 25. Nd1 Nf5 26. Ne3 Nfxd4 27. Ng4 Rce8
28. Kg2 Qe7 29. Rxc6 Nxc6 30. Rxe6 Qd7 31. Rxc6 Qxg4 32. Qxd5+ Kg7 33. Qd4+ Kh6
34. Rc1 Rf5 35. Rc7 Qe2 36. Qg7+ Kh5 37. Qxh7+ Kg4 38. Qh3# 1-0

[Event "Euro Online U2300 Day 1"]
[Site "chess.com INT"]
[Date "2020.05.25"]
[Round "6"]
[White "Trokhymyshyn, Sergii"]
[Black "Simonovic, Miroslav"]
[Result "1-0"]
[BlackTitle "CM"]
[WhiteElo "2157"]
[BlackElo "2129"]
[WhiteFideId "14135604"]
[BlackFideId "919152"]
[EventDate "2020.05.25"]

1. e4 c5 2. Nf3 Nc6 3. Bb5 g6 4. Bxc6 bxc6 5. O-O Bg7 6. Nc3 e5 7. d3 h6 8. a3
a5 9. Be3 d6 10. h3 Ne7 11. Nd2 Rb8 12. b3 O-O 13. Rb1 f5 14. f3 Be6 15. Ne2 g5
16. g4 fxg4 17. fxg4 Ng6 18. Ng3 Rxf1+ 19. Ndxf1 Nf4 20. Kh2 Bf8 21. Nf5 Bxf5
22. gxf5 d5 23. Ng3 d4 24. Bd2 a4 25. bxa4 Rxb1 26. Qxb1 g4 27. Qb3+ Nd5 28.
hxg4 Qh4+ 29. Kg2 Qxg4 30. exd5 Qd1 31. dxc6+ Kh8 32. Ba5 1-0

[Event "Euro Online U2300 Day 1"]
[Site "chess.com INT"]
[Date "2020.05.25"]
[Round "6"]
[White "Laux, Dominik"]
[Black "Martirosyan, Haik M."]
[Result "0-1"]
[BlackTitle "GM"]
[WhiteElo "2009"]
[BlackElo "2617"]
[WhiteFideId "12994219"]
[BlackFideId "13306553"]
[EventDate "2020.05.25"]

1. d4 Nf6 2. Bg5 c5 3. Bxf6 gxf6 4. d5 Qb6 5. Qc1 f5 6. c4 Bg7 7. Nc3 Na6 8. e3
Qf6 9. Nh3 h5 10. a3 d6 11. Qc2 Nc7 12. Bd3 h4 13. O-O Bh6 14. b4 b6 15. f4 Bd7
16. Rab1 Kf8 17. bxc5 dxc5 18. Ne2 Ne8 19. Qc3 Qxc3 20. Nxc3 Nd6 21. Kf2 Bg7 22.
Rbc1 Bf6 23. Ng1 Kg7 24. Nf3 Rhb8 25. Ne5 Be8 26. Rb1 a6 27. a4 Rb7 28. Rb2 e6
29. Rfb1 Rab8 30. Rb3 Kf8 31. Be2 Bd8 32. Ke1 Bc7 33. Kd2 exd5 34. cxd5 b5 35.
axb5 axb5 36. Nc6 c4 37. R3b2 Bxc6 38. dxc6 Rb6 39. Kd1 Rxc6 40. Nxb5 Rcb6 41.
Nxd6 Rxb2 42. Rxb2 Rxb2 43. Nxc4 Ra2 44. Ke1 Kg7 45. Kf2 Kf6 46. Kf3 Bb8 47. Bf1
Ba7 48. Be2 Rc2 49. Bf1 Bc5 50. Be2 Rc1 51. Kf2 Rc3 52. Kf3 Ke6 53. Kf2 Kd5 54.
Ne5 Bxe3+ 55. Kf3 Bg1+ 56. Bd3 f6 0-1

[Event "Euro Online U2300 Day 1"]
[Site "chess.com INT"]
[Date "2020.05.25"]
[Round "6"]
[White "Stan, Andrei-Mihaita"]
[Black "Lahav, Michal"]
[Result "0-1"]
[BlackTitle "WIM"]
[WhiteElo "2044"]
[BlackElo "2219"]
[WhiteFideId "1232118"]
[BlackFideId "2813742"]
[EventDate "2020.05.25"]

1. d4 Nf6 2. c4 c5 3. d5 e6 4. Nc3 exd5 5. cxd5 d6 6. e4 g6 7. f4 Bg7 8. Bb5+
Nfd7 9. a4 O-O 10. Nf3 Na6 11. O-O Nb4 12. Re1 a6 13. Bf1 Re8 14. h3 f5 15. exf5
gxf5 16. Ng5 Rxe1 17. Qxe1 Bd4+ 18. Kh1 Nf6 19. Ne6 Qe7 20. Qg3+ Kh8 21. Bd2
Bxe6 22. dxe6 Rg8 23. Qh4 Qxe6 24. Re1 Qf7 25. Be3 Nc2 26. Bxd4 cxd4 27. Bc4 Qg7
28. Bxg8 Nxe1 29. Qxe1 dxc3 30. Be6 cxb2 31. Bxf5 Qc7 32. Kh2 Qc5 33. Qe6 Qd4
34. g4 Qxf4+ 35. Kg2 Qe5 36. Qc8+ Kg7 37. Qxb7+ Kh6 38. h4 Qe2+ 39. Kg3 Qe1+ 40.
Kg2 Qxh4 41. Qxb2 Nxg4 42. Qd2+ Qg5 43. Qxd6+ Nf6+ 44. Kh2 Qxf5 45. Qf8+ Kg6 46.
Qb8 Ng4+ 47. Kg3 Qe5+ 0-1

[Event "Euro Online U2300 Day 1"]
[Site "chess.com INT"]
[Date "2020.05.25"]
[Round "6"]
[White "Efimenko, Maria"]
[Black "Blum, Frederik"]
[Result "1-0"]
[WhiteTitle "WIM"]
[WhiteElo "2245"]
[BlackElo "2061"]
[WhiteFideId "14124327"]
[BlackFideId "4640136"]
[EventDate "2020.05.25"]

1. e4 c5 2. c3 g6 3. d4 cxd4 4. cxd4 d5 5. e5 Bg7 6. Nc3 Nc6 7. Be3 Nh6 8. f3 f6
9. exf6 exf6 10. Bb5 O-O 11. Nge2 Be6 12. O-O Bf7 13. Bf2 Re8 14. Nf4 g5 15. Nd3
Nf5 16. Qa4 Rc8 17. Nc5 Qb6 18. Bd3 Nfxd4 19. Nb3 f5 20. Bxf5 Rcd8 21. Rad1 Re5
22. Nxd4 Qxb2 23. Nxc6 bxc6 24. Qc2 Rb8 25. Rb1 Qxc2 26. Rxb8+ Bf8 27. Bxc2 Kg7
28. Bd4 1-0

[Event "Euro Online U2300 Day 1"]
[Site "chess.com INT"]
[Date "2020.05.25"]
[Round "6"]
[White "Bulau, Andrei-Cristian"]
[Black "Toman, Jan"]
[Result "0-1"]
[WhiteElo "2199"]
[BlackElo "2072"]
[WhiteFideId "1237691"]
[BlackFideId "321451"]
[EventDate "2020.05.25"]

1. d4 Nf6 2. c4 c5 3. d5 e6 4. Nc3 exd5 5. cxd5 d6 6. e4 g6 7. f4 Bg7 8. Bb5+
Nfd7 9. Be2 O-O 10. Nf3 Na6 11. O-O Nc7 12. f5 Rb8 13. Bg5 Qe8 14. Bd3 b5 15.
Qd2 c4 16. Bb1 b4 17. Ne2 c3 18. bxc3 Nb5 19. Bd3 Nxc3 20. Bh6 Nxe2+ 21. Bxe2
Qxe4 22. Bxg7 Kxg7 23. Ng5 Qe5 24. Rae1 Nf6 25. Bf3 Qc3 26. Qf4 Qc5+ 27. Kh1
Bxf5 28. g4 Bd3 29. Rf2 Qxf2 30. Rg1 Be2 31. Rg2 Bxf3 32. Nxf3 Qf1+ 33. Rg1 Qd3
34. g5 Nxd5 35. Qg4 Qf5 36. Qg3 b3 37. axb3 Rxb3 38. Rf1 Ne3 39. Re1 Ng4 40. Kg2
Ne5 41. Rf1 Nxf3 42. Rxf3 Rxf3 43. Qxf3 Qxg5+ 44. Kf1 Qf5 0-1

[Event "Euro Online U2300 Day 1"]
[Site "chess.com INT"]
[Date "2020.05.25"]
[Round "6"]
[White "Basa, Manasvita"]
[Black "Popadic, Dragan"]
[Result "1-0"]
[BlackTitle "FM"]
[WhiteElo "1711"]
[BlackElo "2180"]
[WhiteFideId "1060228"]
[BlackFideId "913650"]
[EventDate "2020.05.25"]

1. e4 c5 2. d4 cxd4 3. c3 d3 4. Bxd3 Nc6 5. Nf3 d6 6. O-O Nf6 7. Bf4 e5 8. Be3
Be7 9. h3 O-O 10. Nbd2 h6 11. Qe2 Be6 12. Rfd1 Qc7 13. Rac1 Rac8 14. c4 b6 15.
a3 Rfd8 16. Nb1 Qb7 17. Nc3 Bf8 18. Nd5 Bxd5 19. cxd5 Nb8 20. Rb1 Be7 21. b4 Rc3
22. a4 Rdc8 23. a5 Nfd7 24. Ra1 Bd8 25. a6 Qc7 26. Bd2 Rxd3 27. Qxd3 Nf6 28.
Rdc1 Qd7 29. Rxc8 Qxc8 30. Rc1 Qd7 31. Qc4 Qe7 32. Qc8 Nbd7 33. Rc7 Kh7 34. Rxa7
b5 35. Be3 Bb6 36. Bxb6 Nxb6 37. Rxe7 Nxc8 38. Rxf7 Nxe4 39. Rc7 Nb6 40. Rc6 Na8
41. a7 Kg6 42. Rc8 Nb6 43. a8=Q Nxa8 44. Rxa8 Nc3 45. Ra6 Kf5 46. Rxd6 Ke4 47.
Rd7 Nxd5 48. Nd2+ Kd4 49. Nb3+ Kc4 50. Na5+ Kd4 51. Nc6+ Kc4 52. Nxe5+ Kd4 53.
Nc6+ Kc4 54. Rxg7 h5 55. Rd7 Nc3 56. Rd4+ Kb3 57. Kf1 Kc2 58. f4 Nb1 59. f5 Nd2+
60. Rxd2+ Kxd2 61. f6 Kc3 62. f7 Kc4 63. f8=Q h4 64. Qc5+ Kb3 65. Nd4+ Ka3 66.
Qc3+ Ka2 67. Qb3+ Ka1 68. Nc2# 1-0

[Event "Euro Online U2300 Day 1"]
[Site "chess.com INT"]
[Date "2020.05.25"]
[Round "6"]
[White "Sargissyan, Sargis"]
[Black "Averyanov, Grigori"]
[Result "0-1"]
[WhiteTitle "FM"]
[WhiteElo "2269"]
[BlackElo "2274"]
[WhiteFideId "13303210"]
[BlackFideId "44150288"]
[EventDate "2020.05.25"]

1. e4 c5 2. Nc3 d6 3. d4 cxd4 4. Qxd4 Nc6 5. Qd2 Nf6 6. b3 e6 7. Bb2 Be7 8.
O-O-O a6 9. f3 b5 10. g4 Bb7 11. Kb1 Nd7 12. h4 Nce5 13. g5 b4 14. Nce2 d5 15.
f4 Ng4 16. Nh3 dxe4 17. Rg1 e3 18. Qxd7+ Qxd7 19. Rxd7 Kxd7 20. Rxg4 Rhd8 21.
Rg3 Ke8 22. Kc1 Rd2 23. Rxe3 Rad8 24. Nf2 Bc5 25. Rd3 R8xd3 26. cxd3 Be3 27. Nd1
Rxe2+ 28. Nxe3 Rxe3 29. Kd2 Rf3 30. Be2 Rxf4 31. Bxg7 Rxh4 32. Be5 h6 33. gxh6
Rxh6 34. Bd6 Rh4 35. Ke3 Kd7 36. Bf8 Bd5 37. d4 Rh3+ 38. Kf4 Rh4+ 39. Ke3 Re4+
40. Kd3 a5 41. Bh5 Rh4 42. Be2 Rh3+ 43. Kd2 Rh2 44. Ke3 f5 45. Bb5+ Bc6 46. Bc4
Rxa2 47. Kf4 Bd5 48. Bxd5 exd5 0-1

[Event "Euro Online U2300 Day 1"]
[Site "chess.com INT"]
[Date "2020.05.25"]
[Round "6"]
[White "Vashchilov, Sergey"]
[Black "Sirosh, Ilja"]
[Result "1-0"]
[BlackTitle "IM"]
[WhiteElo "2176"]
[BlackElo "2405"]
[WhiteFideId "13506676"]
[BlackFideId "4500458"]
[EventDate "2020.05.25"]

1. e4 e5 2. Nf3 Nc6 3. d4 exd4 4. Nxd4 Nf6 5. Nc3 Bb4 6. Nxc6 bxc6 7. Bd3 O-O 8.
O-O Re8 9. Bg5 h6 10. Bh4 g5 11. Bg3 Bxc3 12. bxc3 Nxe4 13. Re1 d5 14. Bxe4 dxe4
15. Qxd8 Rxd8 16. Rxe4 f5 17. Bxc7 Rd7 18. Re8+ Kf7 19. Rh8 Rxc7 20. Rh7+ Ke6
21. Rxc7 Kd6 22. Rh7 Ba6 23. Re1 Bc4 24. a3 a5 25. Rxh6+ Kc5 26. Re5+ Bd5 27.
Rxf5 Rb8 28. h3 Rb1+ 29. Kh2 Ra1 30. Rxg5 Rxa3 31. Rg3 Ra2 32. c4 Kxc4 33. Rh4+
Kb5 34. Rc3 a4 35. Rg4 Ra1 36. h4 a3 37. h5 a2 38. Ra3 Rc1 39. c4+ Bxc4 40. Rxc4
Rxc4 41. Rxa2 Rh4+ 42. Kg3 Rxh5 43. Kg4 Rh8 44. f4 Kb4 45. f5 Kb3 46. Ra5 Rg8+
47. Kf3 Kb4 48. Ra1 c5 49. g4 Kb3 50. f6 Kb2 51. Ra6 c4 52. Kf4 Rc8 53. Rb6+ Ka2
54. g5 c3 55. Re6 c2 56. Re2 Kb3 57. Rxc2 Rxc2 58. g6 Kc4 59. g7 Rg2 60. Ke5
Rg5+ 61. Ke6 Kd4 62. f7 Rg6+ 63. Kf5 Rxg7 64. f8=Q Rd7 65. Ke6 Rb7 66. Qd6+ Ke3
67. Qe5+ Kf2 68. Qf4+ Kg1 69. Qg3+ 1-0

[Event "Euro Online U2300 Day 1"]
[Site "chess.com INT"]
[Date "2020.05.25"]
[Round "6"]
[White "Svicevic, Rastko"]
[Black "Gabriel, Robert"]
[Result "1-0"]
[WhiteTitle "FM"]
[BlackTitle "FM"]
[WhiteElo "2215"]
[BlackElo "2236"]
[WhiteFideId "916315"]
[BlackFideId "4606477"]
[EventDate "2020.05.25"]

1. e4 c5 2. Nf3 e6 3. c3 d5 4. exd5 exd5 5. d4 Nc6 6. Bb5 Nf6 7. Bg5 Be7 8. O-O
Ne4 9. Bxe7 Qxe7 10. Ne5 Bd7 11. Nxd7 Qxd7 12. f3 Nf6 13. Re1+ Kf8 14. dxc5 a6
15. Ba4 g6 16. Nd2 d4 17. Ne4 Nxe4 18. Rxe4 d3 19. Rd4 Qf5 20. Bxc6 bxc6 21. b4
a5 22. Qxd3 Qxd3 23. Rxd3 axb4 24. cxb4 Kg7 25. a4 Rhb8 26. Rb3 Kf6 27. Kf2 Ke5
28. Ke3 Kd5 29. Kd3 f5 30. Kc3 f4 31. a5 Ra7 32. Rd1+ Ke5 33. Rd6 Rc8 34. Kc4
Rb7 35. Rb1 Ra7 36. Re1+ Kf5 37. Ree6 Rac7 38. h4 Rf7 39. Kd4 Rb8 40. Re5# 1-0

[Event "Euro Online U2300 Day 1"]
[Site "chess.com INT"]
[Date "2020.05.25"]
[Round "6"]
[White "Nilssen, Ellen Fredericia"]
[Black "Gheorghiu, Calin"]
[Result "0-1"]
[WhiteTitle "WFM"]
[BlackTitle "FM"]
[WhiteElo "2071"]
[BlackElo "2283"]
[WhiteFideId "1441230"]
[BlackFideId "1200305"]
[EventDate "2020.05.25"]

1. d4 Nf6 2. c4 g6 3. Nc3 Bg7 4. e4 d6 5. Be2 O-O 6. Bg5 c6 7. Qd2 Nbd7 8. Nf3
e5 9. O-O Qc7 10. Rad1 a5 11. b3 exd4 12. Nxd4 Nc5 13. Qf4 Nfd7 14. Be7 Be5 15.
Qh4 Re8 16. f4 Bg7 17. f5 f6 18. fxg6 hxg6 19. Bxf6 Nxf6 20. Rxf6 Bxf6 21. Qxf6
Qg7 22. Qxd6 Ne6 23. Nxe6 Bxe6 24. e5 Qh6 25. Rd3 Bf5 26. Rg3 Rad8 27. Qf6 Qc1+
28. Bf1 Rf8 29. Qe7 Bd3 30. Qe6+ Rf7 31. Rf3 Rf8 32. Ne2 Bxe2 33. Qxg6+ Rg7 34.
Qe6+ Rff7 35. Qe8+ Kh7 36. Rh3+ Kg6 37. Qe6+ Kg5 38. Rg3+ Kf4 39. Qh6+ Kxe5 40.
Qxc1 Rxf1+ 41. Qxf1 Bxf1 42. Kxf1 Rd7 43. Ke2 Ke4 44. Re3+ Kf4 45. Rf3+ Kg4 46.
h3+ Kh4 47. Rf4+ Kg5 48. Re4 Kf5 49. g4+ Kxe4 0-1

[Event "Euro Online U2300 Day 1"]
[Site "chess.com INT"]
[Date "2020.05.25"]
[Round "6"]
[White "Riabov, Alexander"]
[Black "Siradze, Salome"]
[Result "1-0"]
[WhiteElo "2004"]
[BlackElo "2008"]
[WhiteFideId "14906562"]
[BlackFideId "13603973"]
[EventDate "2020.05.25"]

1. e4 c5 2. Nf3 Nc6 3. d4 cxd4 4. Nxd4 Nf6 5. Nc3 e5 6. Nxc6 bxc6 7. Bc4 Bb4 8.
Bg5 Qa5 9. Qf3 Be7 10. O-O O-O 11. Rfe1 Bb7 12. Rad1 Rad8 13. h3 h6 14. Bh4 Qb4
15. Bb3 a5 16. g4 a4 17. Nxa4 d5 18. exd5 cxd5 19. Rxe5 d4 20. Qe2 Rde8 21. Bxf6
gxf6 22. Rb5 Qd6 23. Rxb7 Bd8 24. Qf3 Bc7 25. c3 Qh2+ 26. Kf1 d3 27. Rxd3 Re7
28. Re3 Rd7 29. Nc5 Rd2 30. Ne4 Rxb2 31. Bxf7+ Kh8 32. Qxf6+ Kh7 33. Qg6+ Kh8
34. Qxh6# 1-0

[Event "Euro Online U2300 Day 1"]
[Site "chess.com INT"]
[Date "2020.05.25"]
[Round "6"]
[White "Aizenberg, Benny"]
[Black "Schlegel, Igor"]
[Result "0-1"]
[WhiteElo "2152"]
[BlackElo "2027"]
[WhiteFideId "2821125"]
[BlackFideId "1334956"]
[EventDate "2020.05.25"]

1. e4 c5 2. Nf3 d6 3. d4 cxd4 4. Nxd4 Nf6 5. Nc3 a6 6. h3 g6 7. Be3 Bg7 8. Bc4
O-O 9. Bb3 Nc6 10. O-O Nxd4 11. Bxd4 Be6 12. Bxe6 fxe6 13. e5 Nh5 14. exd6 exd6
15. Bxg7 Nxg7 16. Qd4 Nf5 17. Qe4 Qf6 18. Rad1 Rae8 19. Qxb7 Rb8 20. Qxa6 Rxb2
21. Ne4 Qf7 22. Nxd6 Nxd6 23. Qxd6 Rxc2 24. Rd2 Rxd2 25. Qxd2 Qf4 26. Qd7 e5 27.
a4 Rf7 28. Qe8+ Kg7 29. a5 Ra7 30. Qb5 e4 31. a6 e3 32. fxe3 Qxe3+ 33. Kh1 Qe6
34. Qc5 Qe7 35. Qd4+ Kg8 36. Qc4+ Kg7 37. Rb1 Kh6 38. Qb5 Qa3 39. Qd5 Qxa6 40.
Rb4 Qf1+ 41. Kh2 Qe1 0-1

[Event "Euro Online U2300 Day 1"]
[Site "chess.com INT"]
[Date "2020.05.25"]
[Round "6"]
[White "Gloser, David"]
[Black "Eden, James"]
[Result "0-1"]
[BlackTitle "IM"]
[WhiteElo "2228"]
[BlackElo "2330"]
[WhiteFideId "381420"]
[BlackFideId "666491"]
[EventDate "2020.05.25"]

1. e4 e5 2. f4 d5 3. exd5 exf4 4. Nf3 Nf6 5. Bc4 Nxd5 6. O-O Be7 7. Bb3 c5 8.
Nc3 Be6 9. d3 O-O 10. Nxd5 Bxd5 11. Bxf4 Nc6 12. Kh1 Bf6 13. Qc1 b5 14. Bg5 Bxg5
15. Nxg5 Nd4 16. Bxd5 Qxd5 17. Ne4 f5 18. Nc3 Qc6 19. Qd2 Rae8 20. Rae1 Rxe1 21.
Rxe1 Re8 22. Rxe8+ Qxe8 23. Nd1 Nxc2 24. h3 Nd4 25. b4 cxb4 26. Qxb4 Qe5 27. a4
a6 28. Qc3 h6 29. Nf2 bxa4 30. h4 a3 31. Nd1 a2 32. Qc4+ Kh7 33. Qxa2 Qe1+ 34.
Kh2 Qxh4+ 35. Kg1 Qe1+ 36. Kh2 Qxd1 37. Qxa6 Qe2 38. Qc4 Nf3+ 39. Kg3 Ne5 40.
Qe6 Qxd3+ 0-1

[Event "Euro Online U2300 Day 1"]
[Site "chess.com INT"]
[Date "2020.05.25"]
[Round "6"]
[White "Davtyan, Artur"]
[Black "Doric, Nenad"]
[Result "0-1"]
[WhiteTitle "IM"]
[BlackTitle "IM"]
[WhiteElo "2461"]
[BlackElo "2249"]
[WhiteFideId "13308327"]
[BlackFideId "14501694"]
[EventDate "2020.05.25"]

1. d4 d5 2. c4 c6 3. Nf3 Nf6 4. Nc3 e6 5. e3 Nbd7 6. Qc2 Bd6 7. Bd3 O-O 8. O-O
dxc4 9. Bxc4 b5 10. Be2 Bb7 11. e4 e5 12. dxe5 Nxe5 13. Nd4 Neg4 14. g3 Bc5 15.
Nf5 Re8 16. Kg2 Bc8 17. Bg5 Bxf5 18. exf5 h6 19. Bxg4 hxg5 20. Bf3 Rc8 21. h3
Re5 22. Rfe1 Qe7 23. Rxe5 Qxe5 24. Rd1 a6 25. Rd2 Bd4 26. Re2 Qc5 27. Qd3 Bxc3
28. bxc3 Nd5 29. Re5 Qxc3 30. Qe2 Nf6 31. Re7 Qc4 32. Qd2 Qc5 33. Rb7 Qxf5 34.
Qd6 g4 35. hxg4 Nxg4 36. Re7 Qh5 37. Qd4 Qh2+ 38. Kf1 Qh3+ 39. Bg2 Qh5 40. Qd7
Rf8 41. Qxc6 Qf5 42. f3 Rc8 43. Re8+ Rxe8 44. Qxe8+ Kh7 45. Kg1 Qc5+ 46. Kh1
Qc1+ 0-1

[Event "Euro Online U2300 Day 1"]
[Site "chess.com INT"]
[Date "2020.05.25"]
[Round "6"]
[White "Zverev, Lev"]
[Black "Stamos, Filippos"]
[Result "1-0"]
[WhiteTitle "CM"]
[WhiteElo "2087"]
[BlackElo "2152"]
[WhiteFideId "24250775"]
[BlackFideId "4242807"]
[EventDate "2020.05.25"]

1. e4 c5 2. Nf3 d6 3. d4 cxd4 4. Nxd4 Nf6 5. Nc3 Nc6 6. Bg5 e6 7. f4 Be7 8. Qd2
h6 9. Bxf6 Bxf6 10. Nf3 Qa5 11. Nb5 Qxd2+ 12. Nxd2 Ke7 13. Nxd6 Kxd6 14. e5+
Nxe5 15. fxe5+ Kxe5 16. Nc4+ Kd5 17. O-O-O+ Kc6 18. Nd6 Rd8 19. Bb5+ Kb6 20. a4
Rf8 21. Be2 Bd7 22. a5+ Kc7 23. Nxb7 Rab8 24. Bf3 Bc6 25. Bxc6 Kxc6 26. a6 Be7
27. Rd3 Kb6 28. Rd7 Rfe8 29. Nd6 Kc6 30. Nxe8 Kxd7 31. Nxg7 Bf6 32. Nh5 Bxb2+
33. Kd2 Be5 34. g3 Rb6 35. Re1 f6 36. Nf4 Bxf4+ 37. gxf4 Rxa6 38. Rg1 Ra4 39.
Ke3 Ra3+ 40. Ke4 f5+ 41. Ke5 Re3+ 42. Kf6 Re4 43. Rg7+ Kd6 44. Rxa7 Rxf4 45.
Ra6+ Kd5 46. Rxe6 Rf2 47. Re5+ Kd4 48. Rxf5 Rxh2 49. Kg6 Rxc2 50. Kxh6 Rc6+ 51.
Kg7 Rc7+ 52. Kf8 Rc5 53. Rf1 Rc8+ 54. Ke7 Rc5 55. Kd6 Rd5+ 56. Kc6 Rc5+ 57. Kb6
Rc3 58. Rf8 Rb3+ 59. Kc6 Rc3+ 60. Kd6 Rh3 61. Rf4+ Ke3 62. Ra4 Rh6+ 63. Ke5 Rh5+
64. Kf6 Rh6+ 65. Kg5 Rd6 66. Kf5 Rd5+ 67. Ke6 Rd4 68. Ra3+ Ke4 69. Rh3 Rd8 70.
Ke7 Rd5 71. Rh4+ Ke5 72. Rh1 Ra5 73. Rh5+ 1-0

[Event "Euro Online U2300 Day 1"]
[Site "chess.com INT"]
[Date "2020.05.25"]
[Round "6"]
[White "Kalogeris, Ioannis"]
[Black "Spyropoulos, Nikolaos"]
[Result "0-1"]
[WhiteTitle "FM"]
[BlackTitle "FM"]
[WhiteElo "2312"]
[BlackElo "2403"]
[WhiteFideId "4239563"]
[BlackFideId "4298977"]
[EventDate "2020.05.25"]

1. e4 Nf6 2. e5 Nd5 3. d4 d6 4. Nf3 dxe5 5. Nxe5 c6 6. Be2 Bf5 7. O-O Nd7 8. c4
Nb4 9. Nd3 Nxd3 10. Bxd3 Bxd3 11. Qxd3 e6 12. Qg3 Nf6 13. Rd1 Bd6 14. Qxg7 Rg8
15. Qh6 Rg6 16. Qh3 Ng4 17. g3 Qf6 18. Qg2 O-O-O 19. Nc3 Qf5 20. Ne4 Bc7 21. Rd2
h5 22. h3 Nf6 23. Nc5 h4 24. Rd3 hxg3 25. fxg3 Bxg3 26. Rf3 Qh5 27. Rxf6 Rxf6 0-1

[Event "Euro Online U2300 Day 1"]
[Site "chess.com INT"]
[Date "2020.05.25"]
[Round "6"]
[White "Anfinogenov, Artem"]
[Black "Pulkkinen, Kari"]
[Result "0-1"]
[BlackTitle "FM"]
[WhiteElo "2054"]
[BlackElo "2232"]
[WhiteFideId "4197461"]
[BlackFideId "500712"]
[EventDate "2020.05.25"]

1. d4 Nf6 2. c4 c5 3. d5 b5 4. cxb5 a6 5. b6 g6 6. Nc3 Bg7 7. e4 d6 8. Be2 O-O
9. Nf3 Nbd7 10. a4 Qxb6 11. O-O Rb8 12. Nd2 Ne8 13. Nc4 Qd8 14. Qc2 Ne5 15. Na3
f5 16. f4 Nd7 17. exf5 gxf5 18. Nc4 Ndf6 19. Bd3 Rb4 20. Bd2 Ng4 21. Ne2 Rb8 22.
h3 Ngf6 23. Bxf5 Bxf5 24. Qxf5 Nc7 25. Ba5 Nfxd5 26. Qd3 Nb4 27. Qf3 Qd7 28. Nc3
Ne6 29. Nd5 Nd4 30. Qe4 Nxd5 31. Qxd5+ Kh8 32. Ne5 Qe8 33. Nd3 Nb3 34. Bc7 Nxa1
35. Bxb8 Nc2 36. Qb3 Nd4 37. Qd5 Qxb8 38. f5 Qa8 39. Qc4 Qe4 40. Kh1 a5 41. Rf4
Qe3 42. Rf3 Nxf3 0-1

[Event "Euro Online U2300 Day 1"]
[Site "chess.com INT"]
[Date "2020.05.25"]
[Round "6"]
[White "Laptii, Nazar"]
[Black "Papp, Petra"]
[Result "1/2-1/2"]
[BlackTitle "WGM"]
[WhiteElo "2180"]
[BlackElo "2338"]
[WhiteFideId "14174332"]
[BlackFideId "739049"]
[EventDate "2020.05.25"]

1. e4 c6 2. d4 d5 3. exd5 cxd5 4. Bd3 Nc6 5. c3 Nf6 6. Bf4 g6 7. Nf3 Bf5 8. Bxf5
gxf5 9. Nbd2 e6 10. h3 Bd6 11. Ne5 Qc7 12. Ndf3 O-O-O 13. Bg5 Ne4 14. Nxc6 Qxc6
15. Bxd8 Rxd8 16. Nd2 Rg8 17. Nxe4 dxe4 18. Qh5 e3 19. Qf3 Rxg2 20. Qxc6+ bxc6
21. fxe3 Bg3+ 22. Kd1 Rxb2 23. Rg1 Rh2 24. Rxg3 Rh1+ 25. Kc2 Rxa1 26. Rg7 Rxa2+
27. Kd3 a5 28. Rxf7 h5 29. Re7 Rh2 30. Rxe6 Kc7 31. Re5 Rxh3 32. Rxf5 Kb6 33.
Kc4 h4 34. e4 Re3 35. e5 h3 36. Rf2 a4 37. Kb4 Rg3 38. e6 Re3 39. Rf6 a3 40.
Kxa3 Rxc3+ 41. Kb4 Re3 42. Rh6 Kc7 43. Kc5 Rc3+ 44. Kb4 Re3 45. Kc5 Rc3+ 46. Kb4
Rd3 47. Kc5 Rc3+ 1/2-1/2